| 000 | 00445nam a22001817a 4500 | ||
|---|---|---|---|
| 003 | MPLRDC | ||
| 005 | 20220104124943.0 | ||
| 008 | 210129b ||||| |||| 00| 0 eng d | ||
| 020 | _a7-80579-212-7 | ||
| 082 | _a857.9 SMZY-4 v.2 | ||
| 100 | _a司马紫烟 | ||
| 245 |
_a枯骨令. 中 _c |
||
| 250 | _a一版一刷 | ||
| 260 |
_a _b百花洲文艺出版社 _c1992 |
||
| 300 | _b平 | ||
| 650 | _a武侠小说 | ||
| 942 |
_cBK _o857.9 SMZY-4 v.2 |
||
| 999 |
_c23469 _d23459 |
||